000 00793nam a2200241 i 4500
003 DO-SdBNP
005 20231108145806.0
006 a||||gr|||| 00| 0
007 ta
008 231108b |||||||| |||| 00| 0 spa d
040 _aDO-SdBNP
_bspa
_cBNPH
_erda
082 4 _222
_bA561h 1994
100 1 _aAndrés, Mateo
_97205
_eautor
245 1 3 _aEl hombre en busca de paz :
_bnuevas reflexiones hacia la felicidad humana. /
_cMateo Andrés
264 _aSanto Domingo :
_bEdiciones MSC,
_c1994
300 _a238 páginas ;
_c21 cm.
336 _2rdacontent
_atexto
_btxt
337 _2rda media
_asin mediación
_bn
338 _2rdacarrier
_avolumen
_bnc
500 _aIncluye datos biográficos del autor en la solapa de la cubierta.
590 _aInventariado 2023 / MF
942 _2ddc
_cLBS1
999 _c55426
_d55426